000 00414cam a2200169ua 4500
020 _c2.00
041 _amal
_h
082 _a894.8124
_bKUN/KA
100 _aKunhikrishnan, .
245 _aKalathinte Kalpadukal /
_cKunhikrishnan.
_hTextual Documents
260 _aErnakulam :
_bThilakam Publications ,
_c1961.
300 _a144 ; .
365 _a2.00
504 _a
942 _cBK
999 _c915
_d915